000 00503nam a22001577a 4500
005 20251108164330.0
008 250721s1962 xx 000 0 ara d
082 1 4 _a811.9/محم
100 1 _aالشوش، محمد إبراهيم
245 1 0 _aالشعر العربي الحديث في السودان /
264 1 _aالقاهرة :
_bدار النشر للجامعات المصرية،
_c1962.
650 1 7 _aالشعر العربي
650 1 7 _aالسودان
942 _2ddc
_cBK
999 _c9549
_d9549